000 00508cam a22001931 4500
001 sa 64000711
003 DLC
005 20260227111958.0
008 760506s1961 ii 000 1 eng
010 _asa 64000711
035 _a(OCoLC)2161395
040 _aDLC
_cMNS
_dOCoLC
_dDLC
050 0 0 _aPZ3.A535
_bRo
_aPR9499.3.A5
100 1 _aAnand, Mulk Raj,
_d1905-2004.
245 1 4 _aThe road;
_ba novel.
260 _aBombay,
_bKutub-Popular
_c[1961]
300 _a111 p.
_c20 cm.
651 0 _aIndia
_vFiction.
999 _c56391
_d56391